MARC

LEADER 00000nas a2200000 a 4500
001 ssj0000870
003 WaSeSS
005 20200512172242.0
006 m d
007 cr n
008 960517c19199999nyumr pss 0 a0eng c
010 |a sn 96038093  
022 |a 1943-5649  |l 0025-6501  |y 0025-6501 
035 |a (WaSeSS)ssj0000870 
037 |b ASME, Three Park Avenue, New York, NY 10016-5990 
040 |a MYG  |b eng  |c MYG  |d OCL  |d OCLCQ  |d DLC  |d OCLCQ  |d OCLCO  |d OCLCQ  |d OCLCF  |d OCLCO  |d OCLCQ  |d DLC  |d VT2  |d WaSeSS 
042 |a pcc  |a nsdp 
050 1 4 |a TJ1 
082 1 0 |a 621  |2 14 
130 0 |a Mechanical engineering (New York, N.Y. : 1919 : Online) 
210 0 |a Mech. eng.  |b (N.Y.N.Y., 1919, Online) 
222 0 |a Mechanical engineering  |b (New York, N.Y. 1919. Online) 
245 1 0 |a Mechanical engineering  |h [electronic resource]. 
246 1 3 |a Mechanical engineering magazine online 
260 |a New York, N.Y. :  |b American Society of Mechanical Engineers 
310 |a Monthly 
362 1 |a Print began with vol. 41, no. 1 (Jan. 1919). 
506 |a License restrictions may limit access. 
538 |a Mode of access: World Wide Web. 
588 |a Description based on: Dec. 1995; title from title screen. 
588 |a Latest issue consulted: July 2008 (publisher's Web site, viewed Aug. 8, 2008). 
650 0 |a Mechanical engineering  |v Periodicals. 
650 7 |a Mechanical engineering.  |2 fast  |0 (OCoLC)fst01013375 
655 0 |a Electronic journals. 
710 2 |a American Society of Mechanical Engineers. 
776 1 |t Mechanical engineering (New York, N.Y. : 1919)  |x 0025-6501  |w (DLC) 09030743  |w (OCoLC)1756943 
780 0 0 |t Journal of the American Society of Mechanical Engineers (Online) 
780 0 5 |t Computers in mechanical engineering (Online) 
850 |a MCM 
856 4 0 |z Full text available from Research Library: 01/01/1988 to 12/31/1991  |u https://search.proquest.com/publication/40505 
856 4 0 |z Full text available from Research Library: 01/01/1993 to present  |u https://search.proquest.com/publication/40505